Logo BPK

Biblioteka

Politechniki Koszalińskiej

Dialogi o religii naturalnej ; (Rekord nr 12022)

Szczegóły MARC
000 -ETYKIETA REKORDU
podpole kontrolne o stałej długości 01536nam a2200361 i 4500
001 - NUMER KONTROLNY REKORDU
pole kontrolne 12022
003 - IDENTYFIKATOR NUMERU KONTROLNEGO REKORDU
podpole kontrolne KOSZ 005
005 - DATA OSTATNIEJ MODYFIKACJI REKORDU
podpole kontrolne 20200630132825.0
008 - POLE O STAŁEJ DŁUGOŚCI - DANE KONTROLNE
podpole kontrolne o stałej długości 080723s1962 pl a g 001 0 pol
015 ## - NUMER BIBLIOGRAFII NARODOWEJ
Numer bibliografii narodowej PB 1962/7252
040 ## - ŹRÓDŁO KATALOGOWANIA
Instytucja, która sporządziła opis WA N
Instytucja, która utworzyła rekord KOSZ 005/RW
Instytucja, która dokonała modyfikacji KOSZ 005/RW
041 1# - KOD JĘZYKA
Kod języka tekstu pol
Kod języka oryginału eng
080 ## - UNIWERSALNA KLASYFIKACJA DZIESIĘTNA - UKD
UKD 21:11/12
100 1# - NAZWA OSOBOWA
Nazwa osobowa Hume, David
Daty związane z nazwą (1711-1776).
245 10 - TYTUŁ/ODPOWIEDZIALNOŚĆ
Tytuł Dialogi o religii naturalnej ;
Ciąg dalszy tytułu Naturalna historia religii : wraz z dodatkami /
Pozostałe elementy strefy tytułu i oznaczenia odpowiedzialności David Hume ; z ang. przeł., oprac. i wstępem poprzedziła Anna Hochfeldowa ; Polska Akademia Nauk. Komitet Redakcyjny Biblioteki Klasyków Filozofii.
246 1# - WARIANT TYTUŁU
Treść wyrażenia wprowadzającego Tyt. oryg.:
Tytuł Dialogues concerning natural religion.
246 1# - WARIANT TYTUŁU
Treść wyrażenia wprowadzającego Tyt. oryg.:
Tytuł Natural history of religion.
260 ## - STREFA ADRESU WYDAWNICZEGO
Miejsce wydania [Warszawa] :
Nazwa wydawcy/dystrybutora Państwowe Wydawnictwo Naukowe,
Data publikacji, dystrybucji/powstania dokumentu 1962.
300 ## - STREFA OPISU FIZYCZNEGO
Objętość LVI, 260, [13] s., [1] k. tabl. :
Inne cechy fizyczne il. ;
Rozmiary 20 cm.
380 ## - FORMA I TYP PUBLIKACJI
Forma i typ publikacji Książki.
490 1# - STREFA SERII I DOKUMENTU WIELOCZĘŚCIOWEGO - FORMA NIE DO WYSZUKIWANIA
Tytuł i oznaczenie odpowiedzialności serii Biblioteka Klasyków Filozofii.
500 ## - UWAGI OGÓLNE
Tekst uwagi Tyt. oryg.: The natural history of religion.
504 ## - UWAGA DOTYCZĄCA BIBLIOGRAFII
Informacje o bibliografii Indeks.
536 ## - UWAGA DOTYCZĄCA ŹRÓDEŁ FINANSOWANIA DZIEŁA
Tekst uwagi Z zasiłku Ministerstwa Szkolnictwa Wyższego.
650 #4 - HASŁO PRZEDMIOTOWE W FORMIE NAZWY OGÓLNEJ LUB JEDNOSTKOWEJ
Nazwa ogólna lub geograficzna Filozofia religii
Określnik chronologiczny 18 w.
648 #4 - HASŁO PRZEDMIOTOWE - TERMIN CHRONOLOGICZNY
Termin chronologiczny 1701-1800
700 12 - HASŁO DODATKOWE - NAZWA OSOBOWA
Nazwa osobowa Hume, David
Daty związane z nazwą (1711-1776).
Tytuł dzieła Naturalna historia religii.
700 1# - HASŁO DODATKOWE - NAZWA OSOBOWA
Nazwa osobowa Hochfeld, Anna.
Określenie związku między hasłem a opisywanym materiałem Tłumacz
710 2# - HASŁO DODATKOWE - NAZWA CIAŁA ZBIOROWEGO
Nazwa ciała zbiorowego lub jednostki geograficznej Państwowe Wydawnictwo Naukowe
Kod określenia powiązania pbl.
856 ## - LOKALIZACJA I DOSTĘP DO ELEKTRONICZNYCH DOKUMENTÓW ZDALNYCH
Link (URL) http://koha.tu.koszalin.pl/cgi-bin/koha/opac-detail.pl?biblionumber=12022
Tekst linku Katalog online BPK
830 #0 - HASŁO DODATKOWE SERII LUB DOKUMENTU WIELOCZĘŚCIOWEGO - TYTUŁ UJEDNOLICONY
Tytuł ujednolicony Biblioteka Klasyków Filozofii
942 ## - DODATKOWE ELEMENTY (KOHA)
Schemat klasyfikacji Uniwersalna Klasyfikacja Dziesiętna
Typ dokumentu Książka
Egzemplarze
Wycofany Status egzemplarza Uszkodzony Dostępność Lokalizacja stała Lokalizacja bieżąca Miejsce przechowywania Sygnatura Kod kreskowy Typ dokumentu
      Dostępny Biblioteka Politechniki Koszalińskiej Biblioteka Politechniki Koszalińskiej Wypożyczalnia BG 5989 02208435 Książka
© 2023 Biblioteka Politechniki Koszalińskiej :: KOHA